Fußball Bundesligisten 24/25 - Statistiken

Allgemein
  • Dieses Quiz wurde 191 mal gespielt
  • Das Durchschnittsergebnis liegt bei 16 aus 18
Antwortstatistiken
Bundesligisten % Korrekt
Borussia Dortmund
99%
FC Bayern München
99%
VfB Stuttgart
97%
Bayer 04 Leverkusen
95%
RB Leipzig
95%
Eintracht Frankfurt
91%
TSG 1899 Hoffenheim
91%
1. FC Union Berlin
89%
FC St. Pauli
89%
VfL Bochum
89%
1. FSV Mainz 05
88%
Borussia Mönchengladbach
88%
FC Augsburg
88%
Holstein Kiel
88%
SC Freiburg
88%
VfL Wolfsburg
88%
Werder Bremen
88%
1. FC Heidenheim
86%
Keine übereinstimmenden Quizze gefunden
Verteilung der Resultate
Anzahl Personen mit jedem Resultat
Perzentil nach korrekt beantworteten Fragen
Ihre Resultats-Entwicklung
Sie haben dieses Quiz noch nicht gespielt